00318 a2200133 4500003000500000005001700005040000900022082001700031100002600048245005400074260003300128300001000161650001300171Nust20260116121158.0 cNust a297.1227,ALL aAlvi,Abu Masood Hasan aTadrees Lughat-ul-Quran / cAbu Masood Hasan Alvi aRawalpindibIslamic Research a894:p aAl Quran